00586cam a22002057a 4500003000500000005001700005008004100022010001000063011001000073035001000083040000900093110005900102245008900161260003800250300001100288500001000299500001400309650002600323650003100349CHAP20220329141521.0971013s1988 r 00010 d a69418 a70390 a79871 cCHAP aPrograma de las Naciones Unidas para el Medio Ambiente13aLa tierra se calienta...? qué está ocurriendo y qué puede hacerse al respecto? aNairobi, Kenia :bPNUMA,c[1988?] a1 hoja a34-72 aFotocopia14aCambios climáticos.14aTemperatura atmosférica.